| 000 | 00754cam a22002292 4500 | ||
|---|---|---|---|
| 001 | 0000009245 | ||
| 005 | 20151217145848.0 | ||
| 008 | 080915s xx 000 0 eng d | ||
| 020 |
_a0199212316 : _cKES 6170 |
||
| 040 |
_aKABU _cKABU |
||
| 100 | 1 |
_aAbbey, Robert M. _@0000160377 |
|
| 245 | 1 | 2 |
_aA Practical approach to conveyancing / _cRobert M. Abbey, Mark B. Richards. |
| 250 | _a9th ed. | ||
| 260 |
_aOxford : _bO. U. P., _c2007. |
||
| 300 | _axxxvi, 704 p. | ||
| 650 | 0 |
_aConveyancing _zGreat Britain. _@0000160378 |
|
| 650 | 0 |
_aLand titles _xRegistrations and transfer _zGreat Britain. _@0000160379 |
|
| 700 | 1 |
_aRichards, Mark B. _@0000160380 |
|
| 908 | _a080915 | ||
| 950 | _@1 | ||
| 999 |
_c3403 _d3403 |
||